Entomopolis, contemporary art, and John Dee erratic speculations on the art contagion and its vectors spurred by a reading of Robert Smithson's 'Incidents of mirror-travel in the Yucatan' /

Elmentve itt :
Bibliográfiai részletek
Szerző: Bäcklund Jan
További közreműködők: Smithson Robert
Dokumentumtípus: Könyv része
Megjelent: Szegedi Tudományegyetem Bölcsészettudományi Kar Szeged 2022
Sorozat:Fidele signaculum : írások Szőnyi György Endre tiszteletére = Writings in Honour of György Endre Szőnyi
Kulcsszavak:Képzőművészet - amerikai - 20. sz.
Tárgyszavak:
Online Access:http://acta.bibl.u-szeged.hu/78749
LEADER 01090naa a2200217 i 4500
001 acta78749
005 20230518155948.0
008 230518s2022 hu o 0|| eng d
020 |a 978-963-306-906-6 
040 |a SZTE Egyetemi Kiadványok Repozitórium  |b hun 
041 |a eng 
100 1 |a Bäcklund Jan 
245 1 0 |a Entomopolis, contemporary art, and John Dee   |h [elektronikus dokumentum] :  |b erratic speculations on the art contagion and its vectors spurred by a reading of Robert Smithson's 'Incidents of mirror-travel in the Yucatan' /  |c  Bäcklund Jan 
260 |a Szegedi Tudományegyetem Bölcsészettudományi Kar  |b Szeged  |c 2022 
300 |a 63-79 
490 0 |a Fidele signaculum : írások Szőnyi György Endre tiszteletére = Writings in Honour of György Endre Szőnyi 
650 4 |a Bölcsészettudományok 
650 4 |a Művészetek (művészetek, művészettörténet, előadóművészetek, zene) 
695 |a Képzőművészet - amerikai - 20. sz. 
700 0 1 |a Smithson Robert 
856 4 0 |u http://acta.bibl.u-szeged.hu/78749/1/fidele_signaculum_2022_063-079.pdf  |z Dokumentum-elérés